| 000 | 00881nam a2200193Ia 4500 | ||
|---|---|---|---|
| 999 |
_c44269 _d44269 |
||
| 001 | 11027 | ||
| 003 | GE_BSU | ||
| 005 | 20230523154200.0 | ||
| 008 | 181216s1986ge xx |||||||||||||| ||geo|| | ||
| 040 | _cGE_BSU | ||
| 041 | _ageo | ||
| 080 | _a030=353.1 ქ-27 | ||
| 245 |
_aქართული საბჭოთა ენციკლოპედია : _bტ.10. ტიხუანა–შინდარა / _cმთ. რედ: ირ.აბაშიძე და სხვ. |
||
| 264 |
_aთბილისი : _bმთ. სამეცნ. რედაქცია, _c1986. |
||
| 300 |
_a752 გვ. : _bილ., რუკა, სქ.; _c27 სმ. |
||
| 653 | _aქართული საბჭოთა ენციკლოპედია | ||
| 700 |
_aაბაშიძე, ირ. _eმთავარი რედაქტორი _916449 |
||
| 942 |
_cBK _2udc |
||